Apprendre le Morse #2 - Statistiques

Statistiques générales
  • Ce quiz a été pris 8 fois
  • Le résultat moyen est 14 sur 26
Statistiques - réponses
Lettres Code Morse % Correct
A OI
100%
T I
67%
O III
67%
C IOIO
67%
E O
67%
S OOO
67%
M II
50%
G IIO
50%
Q IIOI
50%
Z IIOO
50%
N IO
50%
K IOI
50%
Y IOII
50%
D IOO
50%
X IOOI
50%
B IOOO
50%
W OII
50%
J OIII
50%
P OIIO
50%
R OIO
50%
L OIOO
50%
I OO
50%
U OOI
50%
F OOIO
50%
V OOOI
50%
H OOOO
50%
Aucun quiz correspondant
Distribution des résultats
% des personnes avec chaque résultat
Percentile par nombre de réponses
Votre historique - résultats
Vous n’avez pas pris ce quiz